MLB Hank Aaron Winners - Statistics

General Stats
  • This quiz has been taken 27 times
  • The average score is 38 of 48
Answer Stats
AL Team Answer % Correct
2022 Yankees Aaron Judge
100%
2004 Giants Barry Bonds
95%
2002 Giants Barry Bonds
95%
2001 Giants Barry Bonds
95%
2019 Angels Mike Trout
95%
2014 Angels Mike Trout
95%
2007 Yankees Alex Rodriguez
89%
2003 Rangers Alex Rodriguez
89%
2002 Rangers Alex Rodriguez
89%
2001 Rangers Alex Rodriguez
89%
2013 Tigers Miguel Cabrera
89%
2012 Tigers Miguel Cabrera
89%
2021 Phillies Bryce Harper
84%
2015 Nationals Bryce Harper
84%
2017 Astros Jose Altuve
84%
2022 Cardinals Paul Goldschmidt
84%
2013 Diamondbacks Paul Goldschmidt
84%
2021 Blue Jays Vladimir Guerrero Jr.
84%
2009 Cardinals Albert Pujols
79%
2003 Cardinals Albert Pujols
79%
2019 Brewers Christian Yelich
79%
2018 Brewers Christian Yelich
79%
2016 Red Sox David Ortiz
79%
2005 Red Sox David Ortiz
79%
2017 Marlins Giancarlo Stanton
79%
2014 Marlins Giancarlo Stanton
79%
2010 Reds Joey Votto
79%
2016 Cubs Kris Bryant
79%
2008 Cubs Aramis Ramirez
74%
2012 Giants Buster Posey
74%
2009 Yankees Derek Jeter
74%
2006 Yankees Derek Jeter
74%
2020 Braves Freddie Freeman
74%
2004 Red Sox Manny Ramirez
74%
1999 Indians Manny Ramirez
74%
2006 Phillies Ryan Howard
74%
1999 Cubs Sammy Sosa
74%
2000 Rockies Todd Helton
74%
2020 White Sox Jose Abreu
68%
2011 Blue Jays Jose Bautista
68%
2010 Blue Jays Jose Bautista
68%
2015 Blue Jays Josh Donaldson
68%
2011 Dodgers Matt Kemp
63%
2007 Brewers Prince Fielder
63%
2005 Braves Andruw Jones
58%
2000 Blue Jays Carlos Delgado
58%
2018 Red Sox J.D. Martinez
58%
2008 Red Sox Kevin Youkilis
42%
No matching quizzes found
Score Distribution
Percent of People with Each Score
Percentile by Number Answered
Your Score History
You have not taken this quiz